Personnages de "Fais pas ci, fais pas ça" par images - Statistiques

Statistiques générales
  • Ce quiz a été pris 257 fois
  • Le résultat moyen est 11 sur 15
Statistiques - réponses
Par images Réponse % Correct
Renaud Lepic
89%
Valérie Bouley
88%
Fabienne Lepic
87%
Denis Bouley
82%
Charlotte Lepic
81%
Tiphaine Kalamian/Lepic
81%
Eliott Bouley
79%
Soline Lepic
78%
Christophe Lepic
77%
Lucas Lepic
74%
Salomé Bouley
70%
Kim Lepic
62%
Corinne
52%
Christiane Potin
45%
Tata Solange (Soso)
42%
Aucun quiz correspondant
Distribution des résultats
% des personnes avec chaque résultat
Percentile par nombre de réponses
Votre historique - résultats
Vous n’avez pas pris ce quiz